000 00529nam a22001817a 4500
008 171026b xxu||||| |||| 00| p tur d
020 _a9752830153
041 _atur
050 _a PL248.A55
100 _9346
_aOrhan Kahyaoğlu
245 _aGüneşte Ayıklanmış Melih Cevdet Anday Şiiri
250 _a1. Basım
260 _aİstanbul
_bDharma Yayınları
_c2004
300 _a366 Sayfa
500 _aneKitaplar Türk Edebiyatı 1. Şiir 2.Türk Şiiri 3.Derleme
650 0 _9145
_aTürk Edebiyatı
942 _2lcc
_cBK
999 _c1538
_d1514